01178nam a2200313 a 4500001001200000003000800012006001900020007001500039008004100054010001700095020002800112020003500140040002100175035002100196050002500217082001600242100002400258245008900282250001200371260004500383300001800428504005100446533015200497650002600649655002900675710001700704856012600721999001700847ebr10023313CaPaEBRm u cr cn|||||||||010913s2002 ctu sb 001 0 eng  z 2001043793 z089789832X (alk. paper) z0897898338 (pbk. : alk. paper) aCaPaEBRcCaPaEBR a(OCoLC)61463697014aGN397.5b.V36 2002eb04a307.1/42211 aVan Willigen, John.10aApplied anthropologyh[electronic resource] :ban introduction /cJohn van Willigen. a3rd ed. aWestport, CT :bBergin & Garvey,cc2002. axviii, 285 p. aIncludes bibliographical references and index. aElectronic reproduction.bPalo Alto, Calif. :cebrary,d2013.nAvailable via World Wide Web.nAccess may be limited to ebrary affiliated libraries. 0aApplied anthropology. 7aElectronic books.2local2 aebrary, Inc.40uhttp://site.ebrary.com/lib/rucke/Doc?id=10023313zAn electronic book accessible through the World Wide Web; click to view c22571d22571